Výber nástrojov a metód zabezpečovania kvality
Gespeichert in:
| 1. Verfasser: | |
|---|---|
| Format: | Buch |
| Sprache: | Slowakisch |
| Veröffentlicht: |
Banská Bystrica :
Univerzita Mateja Bela v Banskej Bystrici,
2001
|
| Schlagworte: | |
| Tags: |
Keine Tags, Fügen Sie das erste Tag hinzu!
|
MARC
| LEADER | 00000nam a22000003a 4500 | ||
|---|---|---|---|
| 001 | stu280173 | ||
| 005 | 20150617230248.7 | ||
| 008 | 131213s2001----xo------------------slo-d | ||
| 020 | |a 80-8055-469-2 | ||
| 040 | |a STU |b slo | ||
| 041 | 0 | |a slo | |
| 044 | |a xo | ||
| 080 | |a 658.56 | ||
| 100 | 1 | |a Vančíková, Zdenka |4 aut | |
| 245 | 1 | |a Výber nástrojov a metód zabezpečovania kvality | |
| 260 | |a Banská Bystrica : |b Univerzita Mateja Bela v Banskej Bystrici, |c 2001 | ||
| 300 | |a 50 s | ||
| 650 | 7 | |a nástroje kvality |2 stusub | |
| 650 | 7 | |a kvalita |2 stusub | |
| 996 | |b 284M082024 |c M*S-1598-1 |l MMKN |s A |a 24 |w stu280173_0001 | ||
| 996 | |b 284M085745 |c M*S-1598-2 |l MMKN |s A |a 24 |w stu280173_0002 | ||
| 996 | |b 284M085746 |c M*S-1598-3 |l MMKN |s A |a 24 |w stu280173_0003 | ||